5HLuxD.jpg

KING HENRY VIII SENIOR AND PRIMARY SCHOOL LIBRARY OPAC

At the beach / (Record no. 1459)

000 -LEADER
fixed length control field 01048cam a22003498i 4500
001 - CONTROL NUMBER
control field 018396058
003 - CONTROL NUMBER IDENTIFIER
control field Uk
005 - DATE AND TIME OF LATEST TRANSACTION
control field 20221230090749.0
008 - FIXED-LENGTH DATA ELEMENTS--GENERAL INFORMATION
fixed length control field 170531s2017 dcua j 000|0|eng|d
015 ## - NATIONAL BIBLIOGRAPHY NUMBER
National bibliography number GBB7A7695
Source bnb
016 7# - NATIONAL BIBLIOGRAPHIC AGENCY CONTROL NUMBER
Record control number 018396058
Source Uk
020 ## - INTERNATIONAL STANDARD BOOK NUMBER
International Standard Book Number 9781426328077 (pbk.) :
040 ## - CATALOGING SOURCE
Original cataloging agency StDuBDS
Language of cataloging eng
Transcribing agency StDuBDS
Description conventions rda
Modifying agency KH8
082 04 - DEWEY DECIMAL CLASSIFICATION NUMBER
Classification number 428.6 EVA
Edition number 23
100 1# - MAIN ENTRY--PERSONAL NAME
Personal name Evans, Shira,
Relator term author.
245 10 - TITLE STATEMENT
Title At the beach /
Statement of responsibility, etc. Shira Evans.
263 ## - PROJECTED PUBLICATION DATE
Projected publication date 201705
264 #1 - PRODUCTION, PUBLICATION, DISTRIBUTION, MANUFACTURE, AND COPYRIGHT NOTICE
Place of production, publication, distribution, manufacture Washington, D.C. :
Name of producer, publisher, distributor, manufacturer National Geographic Kids,
Date of production, publication, distribution, manufacture, or copyright notice [2017]
300 ## - PHYSICAL DESCRIPTION
Extent 23 pages :
Other physical details illustrations.
336 ## - CONTENT TYPE
Content type term text
Source rdacontent
336 ## - CONTENT TYPE
Content type term still image
Source rdacontent
337 ## - MEDIA TYPE
Media type term unmediated
Source rdamedia
338 ## - CARRIER TYPE
Carrier type term volume
Source rdacarrier
490 0# - SERIES STATEMENT
Series statement National Geographic readers. Pre-reader, ready to read
521 1# - TARGET AUDIENCE NOTE
Target audience note 2-5.
650 #0 - SUBJECT ADDED ENTRY--TOPICAL TERM
Topical term or geographic name entry element Readers
General subdivision Beaches.
650 #0 - SUBJECT ADDED ENTRY--TOPICAL TERM
Topical term or geographic name entry element Readers
General subdivision Seashore ecology.
650 #0 - SUBJECT ADDED ENTRY--TOPICAL TERM
Topical term or geographic name entry element Beaches
Form subdivision Juvenile literature.
650 #0 - SUBJECT ADDED ENTRY--TOPICAL TERM
Topical term or geographic name entry element Seashore ecology
Form subdivision Juvenile literature.
650 #0 - SUBJECT ADDED ENTRY--TOPICAL TERM
Topical term or geographic name entry element Readers (Elementary)
942 ## - ADDED ENTRY ELEMENTS (KOHA)
Source of classification or shelving scheme
Koha item type Books - Non Ficton
Holdings
Withdrawn status Lost status Source of classification or shelving scheme Damaged status Not for loan Collection code Permanent Location Current Location Shelving location Date acquired Cost, normal purchase price Total Checkouts Full call number Barcode Date last seen Date last checked out Cost, replacement price Price effective from Koha item type Public note
          Non-Fiction KH8 Primary School Library KH8 Primary School Library Non Fiction 2022-12-30 7.90 10 428.6 EVA KHPL000003238 2026-04-16 2025-03-04 17.90 2022-12-30 Books - Non Ficton PRIMARY LIBRARY

Powered By KH8 IT Dept